Statistiken für Länder, die Äthiopien am Nächsten Liegen

Klicken Sie hier um das Quiz zu spielen!

Allgemein

  • Dieses Quiz wurde 145 mal gespielt
  • Das Durchschnittsergebnis liegt bei 17 aus 20

Antwortstatistiken

kmLand% Korrekt
0Sudan
100%
0Südsudan
100%
0Somalia
97%
0Kenia
95%
0Dschibuti
93%
0Eritrea
93%
649Tansania
92%
521Dem Rep Kongo
90%
195Uganda
89%
1165Tschad
88%
978Burundi
85%
871Ruanda
85%
681Zentralafrikanische Republik
82%
326Saudi-Arabien
81%
109Jemen
80%
1236Oman
79%
1548Mosambik
72%
1383Libyen
66%
1547Malawi
62%
1484Seychellen
41%

Verteilung der Resultate

Perzentil nach korrekt beantworteten Fragen

Anzahl Personen mit jedem Resultat

Ihre Resultats-Entwicklung

Sie haben dieses Quiz noch nicht gespielt